Statistics for RCD Espanyol Squad 2021-2022

Click here to take the quiz!

General Stats

  • This quiz has been taken 29 times
    (26 since last reset)
  • The average score is 18 of 27

Answer Stats

#PositionNationPlayer% Correct
13GKSpainDiego López
100%
15MFSpainDavid López
94%
11FWSpainRaúl de Tomás
94%
7FWChinaWu Lei
94%
25MFVenezuelaYangel Herrera
83%
9FWSpainJavi Puado
78%
20MFAlbaniaKeidi Baré
78%
21MFSpainNico Melamed
78%
10MFSpainSergi Darder
78%
4DFUruguayLeandro Cabrera
72%
24DFSpainSergi Gómez
72%
-CoachSpainVicente Moreno
72%
3DFSpainAdrià Pedrosa
67%
5DFSpainFernando Calero
67%
1GKSpainOier Olazábal
67%
12DFSpainÓscar Gil
67%
19MFNetherlandsTonny Vilhena
67%
18FWBelgiumLandry Dimata
61%
23FWSpainAdrián Embarba
56%
14FWSpainÓscar Melendo
56%
17DFSpainDídac Vilà
50%
8MFSpainFran Mérida
50%
16FWSpainLoren Morón
44%
2DFSpainMiguelón
44%
22DFSpainAleix Vidal
39%
19FWSpainÁlvaro Vadillo
33%
6MFSpainManu Morlanes
33%

Score Distribution

Percentile by Number Answered

Percent of People with Each Score

Your Score History

You have not taken this quiz since the last reset